000 00520nam a2200217Ia 4500
008 170918s9999 xx 000 0 und d
020 _a9780316065856
050 _bM447pe 2009
100 _aMaude, Rachel
245 _aPetty in pink :
245 _ba poseur novel /
245 _cby Rachel Maude.
250 _aFirst edition
260 _aNew York :
260 _bPoppy,
260 _c2009
300 _a223 pages :
300 _billustrations ;
300 _c20cm.
300 _eThe poseur collectiuon.
999 _c343604
_d343604